000
00284nam a22001337a 4500
003
SGT
082
_a
617.69
_b
Z25G
100
_a
Goyal, Harshita
245
_a
Zygomatic implantology
260
_b
SGT University
_c
2025
300
_a
105
650
_a
Prosthodontics
942
_2
ddc
_c
TH
999
_c
31365
_d
31365